Reglamento interior para el buen orden y gobierno del establecimiento de baños y aguas minero-medicinales de Urberuaga de Ubilla (Merindad de Marquina, Vizcaya). (Record no. 169981)

MARC details
000 -LEADER
campo de control de longitud fija 00779nam a2200181 i 4500
001 - NÚMERO DE CONTROL
campo de control 169981
003 - IDENTIFICADOR DE NÚMERO DE CONTROL
campo de control ES-MaACL
005 - FECHA Y HORA DE LA ÚLTIMA TRANSACCIÓN
campo de control 20230906214247.0
008 - DATOS DE LONGITUD FIJA--INFORMACIÓN GENERAL
campo de control de longitud fija 090107s1877 sp |||| | spa d
110 2# - ENTRADA PRINCIPAL--NOMBRE DE ENTIDAD CORPORATIVA
Nombre de entidad corporativa o nombre de jurisdicción como elemento de entrada Balneario de Urberuaga de Ubilla.
9 (RLIN) 139163
245 10 - MENCIÓN DEL TÍTULO
Título Reglamento interior para el buen orden y gobierno del establecimiento de baños y aguas minero-medicinales de Urberuaga de Ubilla (Merindad de Marquina, Vizcaya).
260 ## - PUBLICACIÓN, DISTRIBUCIÓN, ETC.
Lugar de publicación, distribución, etc. Bilbao :
Nombre del editor, distribuidor, etc. [s.n.],
Fecha de publicación, distribución, etc. 1877 (
Fabricante Juan E. Delmas)
300 ## - DESCRIPCIÓN FÍSICA
Extensión 20 p. ;
Dimensiones 20 cm.
650 2# - PUNTO DE ACCESO ADICIONAL DE MATERIA--TÉRMINO DE MATERIA
Término de materia o nombre geográfico como elemento de entrada Balneario de Urberuaga de Ubilla.
9 (RLIN) 224905
852 ## - LOCALIZACIÓN
Ubicación ES-MaACL
Número de control de estantería T-370-F-12
Nota libre .- Dedicatoria manuscrita: A la Biblioteca de "Los Escolares Médicos", el socio fundador Gustavo Saenz Diez
852 ## - LOCALIZACIÓN
Ubicación ES-MaACL
Número de control de estantería T-684-F-2
Holdings
Estatus retirado Estado de pérdida Estado de daño No para préstamo Colección Biblioteca de origen Biblioteca actual Ubicación en estantería Fecha de adquisición Fuente de adquisición Total de préstamos Signatura topográfica completa Código de barras Visto por última vez Precio de reemplazo Tipo de ítem Koha
        Colección de folletos Biblioteca del Ateneo de Madrid Biblioteca del Ateneo de Madrid Depósito folletos 07/01/2009     T-370-F-12 1178464 23/02/2023 23/02/2023 Folleto
        Colección de folletos Biblioteca del Ateneo de Madrid Biblioteca del Ateneo de Madrid Depósito folletos 11/07/2005     T-684-F-2 1202310 23/02/2023 23/02/2023 Folleto